000 00483nam a2200181Ia 4500
005 20250923145300.0
008 008 250917s9999 xx 000 0 eng d
037 _aPeriodicals
040 _aDSWL
_beng
_cDSWL
041 _aeng
_2eng
084 _qDSWL
245 0 _aJournal of the Indian Secukar Society.No-13
_cby Indian Secular Society
260 _aBombay
_bIndian Secular Society
_c1972
365 _aINR
_b8
925 _g8
942 _cCR
999 _c1449426
_d1449426